000 01062nam0a22002771 4500
001 v19\rc\1261206
005 20250618001712.0
035 _a(NLR Aleph) 004415393
090 _a4063736
_c4063736
100 _a20060306e18931893|||y0rusy50 ca
101 0 _arus
102 _aRU
105 _ay z |||||
200 1 _aВспомогательная таблица для оценки отпуска и труда при изготовлении лекарств (1893 г.)
205 _aИзд. неофиц.
210 _aМосква
_cтип.-лит. т-ва И.Н. Кушнерев и К°
_dценз. 1893
215 _a[2] с.
300 _aВ конце текста: сост. К.В. Вишневский
311 _aОтд. отт. из журн. "Фармацевт"
488 0 _12001#$aФармацевт
_tФармацевт
700 1 _aВишневский
_bК.В.
_gКонстантин Викентьевич
_4220
801 0 _aRU
_bNLR
_gpsbo
801 1 _aRU
_bProSoft-M
_2rusmarc
852 _aNLR
_j18.267.3.41
942 _cBOOK
980 _aNB